Propuesta de Estrategia Organizacional de la Micro Financiera CARUNA R.L
Esta propuesta parte con la búsqueda precisa de la identificación y contribución del personal de la cooperativa con los objetivos organizacionales que se han establecido para ésta; y sigue con el establecimiento de prácticas proactivas y definidas para los procesos de reclutamiento, selección...
| Main Authors: | , |
|---|---|
| Other Authors: | |
| Format: | Tesis Section = Libro |
| Language: | Undetermined Spanish |
| Published: |
Managua
UNI
2015
|
| Subjects: |
| LEADER | 01186nam a2200265Ia 4500 | ||
|---|---|---|---|
| 008 | 240830s9999 xx 000 0 und d | ||
| 040 | |a BIBLIOTECA-RUPAP T.Mon 658.4012 R696 | ||
| 041 | |a spa | ||
| 082 | |a T.Mon 658.4012 R696 | ||
| 100 | 1 | |a Rodríguez Palacios, Rafael Arcángel | |
| 100 | 1 | |b Sánchez Rodríguez, Jarid Abel | |
| 245 | 1 | 0 | |a Propuesta de Estrategia Organizacional de la Micro Financiera CARUNA R.L |
| 260 | |a Managua |b UNI |c 2015 | ||
| 300 | |a 68 p. :il. | ||
| 500 | |a Contiene: anexos e Incluye: CD. | ||
| 502 | |a Tesis (Ingeniero de Sistemas)- UNI, 2015. | ||
| 520 | 3 | |a Esta propuesta parte con la búsqueda precisa de la identificación y contribución del personal de la cooperativa con los objetivos organizacionales que se han establecido para ésta; y sigue con el establecimiento de prácticas proactivas y definidas para los procesos de reclutamiento, selección e integración. | |
| 650 | 7 | |a PLANIFICACION EMPRESARIAL | |
| 650 | 7 | |b PLANIFICACION ESTRATEGICA | |
| 650 | 7 | |c ESTRATEGIA ADMINISTRATIVA | |
| 650 | 7 | |d ESTRUCTURA ORGANIZACIONAL | |
| 700 | 1 | |a Tutor: |b Parrales Castillo, Víctor Manuel | |
| 942 | |c BK |2 ddc | ||
| 991 | |a TESIS | ||
| 999 | |c 18589 | ||